[Event "Summer Chess Classic B 2018"]
[Site "Saint Louis"]
[Date "2018.05.21"]
[Round "7"]
[White "Belous, Vladimir"]
[Black "Friedel, Joshua"]
[Result "1-0"]
[WhiteElo "2585"]
[BlackElo "2562"]
[Annotator "TA"]
[PlyCount "93"]
[EventDate "2018.??.??"]
[EventType "tourn"]
[EventCountry "USA"]
[SourceTitle "playchess.com"]
[Source "ChessBase"]
[SourceQuality "1"]

{[%evp 17,93,-10,14,7,7,15,7,12,11,7,8,4,16,8,12,13,18,-20,-18,-35,47,47,47,39,47,47,44,47,45,35,47,41,72,65,82,85,72,71,188,181,174,180,308,305,347,344,339,345,340,335,311,303,384,253,308,296,315,325,497,496,488,471,468,467,470,434,466,472,710,682,1015,1028,1041,1033,1452,1320,1206,874]} 1. c4 e6 2. Nc3 d5 3. d4 Be7 4. cxd5 exd5 5. Bf4 c6 6. e3 Bf5 7. Nge2 Nd7 8. Ng3 Bg6 9. Be2 {D31: Damengambit (Halbslawisch)} Nb6 {LiveBook: 7 Partien} 10. Rc1 Nf6 11. h4 {[%cal Bh2h4,Bh4h5][%mdl 32] Droht stark h5.Die Stellung ist ausgeglichen.} h6 12. h5 Bh7 13. Bd3 {[#]} O-O $146 ({Vorgänger:} 13... Bxd3 14. Qxd3 O-O 15. Nf5 Re8 16. f3 Bf8 17. Kf2 {½-½ (17) Grischuk,A (2747)-Aronian,L (2808) Kazan 2011}) 14. Bxh7+ Kxh7 15. Nf5 Nc4 16. g4 Nd6 17. Nxd6 Bxd6 18. g5 hxg5 (18... Ne8 $15) 19. Bxg5 $14 {Und weiter mit Df3 wäre nett.} Be7 20. Qf3 {zielt auf Df5+ ab.} Kh8 21. Rg1 Ne8 22. Bf4 Bd6 23. Ne2 {[%cal Bc3e2,Be2f4,Bf4g6][%mdl 32]} Qf6 24. Qh3 a5 25. Rg6 Qe7 26. Bxd6 Nxd6 {[#]} 27. Nf4 $1 Ne4 (27... Kg8 $16) 28. a3 $18 Kg8 29. Rg2 $40 {[%mdl 128] Weiss will per K.O. gewinnen.} Ra6 {[#]} (29... Rfe8 {war einen Versuch wert.} 30. Ke2 Ng5) 30. Ng6 $1 {[%mdl 512]} Qe6 ({Jedoch nicht} 30... fxg6 $2 31. hxg6 Qh4 32. Qxh4 $18) 31. Qxe6 fxe6 32. Nxf8 Kxf8 {[%mdl 4096] Endspiel KTT-KTS} 33. f3 Nd6 34. Rg6 Nc4 35. Rc3 a4 36. b4 ({Nicht} 36. Rxe6 Rb6 $16) 36... axb3 37. Rxb3 b5 (37... Ra7 {ist eine bessere Verteidigung.} 38. Rxe6 Nxa3) 38. Rxe6 {Weiß steht klar auf Gewinn.} Nxa3 39. Kf2 Nc4 40. Kg3 Kf7 41. Rg6 Rb6 42. e4 dxe4 (42... Rb7 $142 43. Rb4 dxe4 44. Rxc6 Nd2 45. fxe4 Nxe4+ 46. Kf3 Nf6) 43. fxe4 {[%cal Bf3e4,Be4e5][%mdl 32]} Nd2 {[#]} 44. Ra3 $1 {[%cal Ra3a7]} Rb7 45. e5 b4 46. Ra8 Re7 47. Rxc6 {Precision: Weiß = 85%, Schwarz = 56%.} 1-0

[Event "Summer Chess Classic B 2018"]
[Site "Saint Louis"]
[Date "2018.05.21"]
[Round "7"]
[White "Stukopin, Andrey"]
[Black "Dragun, Kamil"]
[Result "1/2-1/2"]
[WhiteElo "2580"]
[BlackElo "2591"]
[Annotator "TA"]
[PlyCount "61"]
[EventDate "2018.??.??"]
[EventType "tourn"]
[EventCountry "USA"]
[SourceTitle "playchess.com"]
[Source "ChessBase"]
[SourceQuality "1"]

{[%evp 23,61,23,18,29,27,25,19,23,27,17,22,21,28,20,20,21,21,20,21,21,20,17,32,28,24,35,29,29,36,34,35,0,0,0,0,0,0,0,0,0]} 1. e4 c5 2. Nf3 d6 3. d4 cxd4 4. Nxd4 Nf6 5. Nc3 a6 6. Be3 e5 7. Nb3 Be6 8. h3 {B90: Sicilian Najdorf: Unusual White 6th moves, 6 Be3 Ng4 and 6 Be3 e5} (8. f3 Nbd7 9. Qd2 b5 10. g4 b4 11. Ne2 h6 12. Ng3 d5 13. Bd3 Qc7 14. Qe2 dxe4 15. Nxe4 Nd5 16. Bd2 a5 17. c4 bxc3 18. Nxc3 Nxc3 19. Bxc3 {½-½ (51) Fedoseev,V (2724)-Robson,R (2645) chess.com INT 2018}) 8... Be7 9. f4 Nc6 {[%cal Bb8c6,Bc6b4,Bb4c2][%mdl 32]} 10. f5 Bxb3 11. axb3 Nb4 12. g3 d5 {LiveBook: 3 Games} 13. exd5 Qc7 14. d6 Bxd6 {[#] White must now prevent ...e4.} 15. Nb5 $1 {[%cal Rb5c7]} Nxc2+ 16. Ke2 $146 Qc6 17. Nxd6+ Ke7 18. Rc1 Nxe3 19. Rxc6 Nxd1 20. Nxb7 {[#] Strongly threatening Rc7+.} Rhb8 $1 {[%cal Rb8b7]} 21. Rc7+ Kf8 22. Bg2 Nxb2 23. Nd6 e4 $1 24. Rhc1 Rd8 25. Nxf7 Rd3 26. Ng5 {And now Ne6+ would win.} Rxg3 27. Ne6+ Kg8 {The position is equal.} 28. Rc8+ Rxc8 29. Rxc8+ Kf7 30. Rc7+ Kg8 31. Rc8+ {Precision: White = 97%, Black = 97%.} 1/2-1/2

[Event "Summer Chess Classic B 2018"]
[Site "Saint Louis"]
[Date "2018.05.21"]
[Round "7"]
[White "Ramirez, Alejandro"]
[Black "Matsenko, Sergei"]
[Result "1/2-1/2"]
[WhiteElo "2572"]
[BlackElo "2563"]
[Annotator "TA"]
[PlyCount "105"]
[EventDate "2018.??.??"]
[EventType "tourn"]
[EventCountry "USA"]
[SourceTitle "playchess.com"]
[Source "ChessBase"]
[SourceQuality "1"]

{[%evp 21,105,0,6,-6,0,-5,0,0,0,0,0,7,5,-7,14,10,18,10,22,16,27,23,36,22,38,36,57,44,66,16,35,-10,-10,-10,-10,-10,-13,-45,-12,-17,-12,-79,-76,-95,-84,-106,-96,-87,-85,-85,0,-95,0,-85,-85,-85,-85,-87,0,-90,-63,-64,0,-90,-90,-90,-89,-89,-71,-85,-81,-103,-103,-126,-123,-105,0,0,0,0,0,0,0,0,0,0]} 1. c4 Nf6 2. Nf3 c5 3. b3 e6 4. Bb2 b6 5. g3 Bb7 6. Bg2 Be7 7. O-O O-O 8. e3 d5 9. Nc3 Qc8 {A14: English Opening: 1...e6 with b3 by White} (9... dxc4 10. bxc4 Nc6 11. Qe2 Rc8 12. Ne1 Qd7 13. f4 Rfd8 14. Rd1 Na5 15. Bxb7 Qxb7 16. d3 a6 17. a4 Ne8 18. f5 Bf6 19. fxe6 fxe6 {0-1 (49) Giri,A (2771)-So,W (2812) Stavanger 2017}) 10. d3 Rd8 11. Qe2 Nc6 {LiveBook: 11 Games} 12. cxd5 $146 ({Predecessor:} 12. Rfd1 d4 13. exd4 Nxd4 14. Nxd4 cxd4 15. Ne4 Nxe4 16. Bxe4 a5 17. Rab1 Bxe4 18. Qxe4 Qd7 19. Bc1 Bc5 20. Bd2 Re8 21. f4 g6 22. Re1 Bb4 {½-½ (22) Gordievsky,D (2613)-Shankland,S (2671) Greensboro 2017}) 12... exd5 13. d4 cxd4 14. exd4 Re8 15. Rfd1 Bd6 16. Qc2 Nb4 17. Qc1 Ne4 18. a3 Nxc3 19. Bxc3 Nc6 20. b4 {[%cal Bb3b4,Bb4b5][%mdl 32]} Qd8 21. Qb2 Rc8 22. Ne5 Bb8 23. Rac1 Ne7 24. b5 Ng6 25. Re1 Bd6 26. Qb3 (26. Rcd1 {is interesting.} Nxe5 27. dxe5 Bf8 28. Qb3 Qd7 29. Re3) 26... Nxe5 27. dxe5 {[#]} Bxe5 $1 {[%mdl 512]} 28. Bxe5 Rxe5 29. Qb4 Rxe1+ 30. Rxe1 h6 31. h4 {[#]} (31. Qe7 $11 Qxe7 32. Rxe7 Rc1+ 33. Bf1) 31... Rc5 $1 $17 32. a4 Bc8 33. Rd1 Be6 34. Qf4 Kf8 35. Kf1 Kg8 36. Kg1 $1 Kf8 37. Kf1 $1 Qd7 38. Qb8+ Rc8 39. Qe5 Rc5 (39... Qe7 $17 40. Kg1 Qc5) 40. Bf3 (40. Qb8+ $1 $11 {keeps the balance.} Rc8 41. Qf4) 40... Bh3+ 41. Kg1 {[%cal Rd1d5]} Be6 (41... f6 $5 {[%cal Rf6e5]} 42. Qf4 Be6 $15) 42. Kf1 $1 Kg8 43. Kg1 Qd8 44. Kg2 Kf8 45. Rd2 Qc7 46. Qb2 Kg8 47. Qb1 Rc1 48. Qd3 Qc4 ({Black should try} 48... Qe5 $17 49. Re2 Qc3 50. Qxc3 Rxc3) 49. Bxd5 $11 {The position is equal.} Bxd5+ 50. Qxd5 Qxa4 51. Qf5 {[%cal Rd2d8]} Rd1 52. Qc8+ Kh7 53. Qf5+ {Precision: White = 60%, Black = 46%.} 1/2-1/2

[Event "Summer Chess Classic B 2018"]
[Site "Saint Louis"]
[Date "2018.05.21"]
[Round "7"]
[White "Aghasaryan, Robert"]
[Black "Saduakassova, Dinara"]
[Result "1/2-1/2"]
[WhiteElo "2532"]
[BlackElo "2484"]
[Annotator "TA"]
[PlyCount "85"]
[EventDate "2018.??.??"]
[EventType "tourn"]
[EventCountry "USA"]
[SourceTitle "playchess.com"]
[Source "ChessBase"]
[SourceQuality "1"]

{[%evp 26,85,-7,-9,0,-8,-19,-18,3,0,0,-12,7,8,7,0,0,0,0,0,0,-17,-10,-16,-33,-33,0,0,0,-35,-33,-25,-25,-31,0,0,0,0,0,0,145,0,0,0,28,23,47,0,0,0,0,0,0,0,0,0,0,0,0,0,0,49]} 1. d4 Nf6 2. c4 e6 3. Nc3 Bb4 4. f3 d5 5. a3 Bxc3+ 6. bxc3 c5 7. cxd5 Nxd5 8. dxc5 f5 9. Nh3 Qa5 {E25: Nimzo-Indian: Sämisch: 5...c5 6 f3 d5 7 cxd5} 10. Nf4 Nc6 11. Nxd5 exd5 12. Qd3 Qxc5 13. Bf4 O-O 14. e3 {LiveBook: 3 Games} Be6 15. Be2 Rac8 16. a4 $146 ({Predecessor:} 16. O-O Na5 17. Be5 {½-½ (30) Sutkovic,D (2320)-Grandelius,N (2541) Sarajevo 2011}) 16... Ne7 17. Be5 Nc6 18. Bd4 Nxd4 19. cxd4 Qa5+ 20. Kf2 Rc3 21. Qb5 Qc7 22. g3 Bf7 23. Qb2 Rc8 {aiming for ...f4!} 24. Rhd1 Rc2 25. Qb4 $1 a5 26. Qe1 $1 Qb6 {White must now prevent ...Qh6.} 27. Rdc1 {[#]} f4 $1 {[%mdl 512]} 28. gxf4 (28. exf4 Qxd4+) 28... Qh6 29. Kg1 Be6 30. Kh1 Qg6 {Hoping for ...Bh3.} 31. Rxc2 Rxc2 32. Bf1 Bd7 (32... Qh5 $11 {remains equal.} 33. Qg3 Rc3) 33. Rc1 (33. Qxa5 $16 Qh5 34. Qd8+ Be8 35. Bg2) 33... b6 $11 34. e4 Bxa4 35. Rxc2 Bxc2 36. Qc3 Bd1 {The position is equal.} 37. Qc8+ Kf7 38. Qd7+ Kf8 39. Qd8+ Qe8 40. Qd6+ Qe7 41. Qxd5 {[#] Threatens to win with Kg2.} Bxf3+ 42. Bg2 Qa3 {[%cal Ra3c1]} 43. Qd8+ {Precision: White = 62%, Black = 78%.} 1/2-1/2

[Event "Summer Chess Classic B 2018"]
[Site "Saint Louis"]
[Date "2018.05.21"]
[Round "7"]
[White "Ali Marandi, Cemil Can"]
[Black "Abrahamyan, Tatev"]
[Result "1-0"]
[WhiteElo "2521"]
[BlackElo "2354"]
[Annotator "TA"]
[PlyCount "59"]
[EventDate "2018.??.??"]
[EventType "tourn"]
[EventCountry "USA"]
[SourceTitle "playchess.com"]
[Source "ChessBase"]
[SourceQuality "1"]

{[%evp 16,59,10,0,48,36,37,-9,0,-5,5,-24,35,30,35,36,20,10,45,0,10,0,0,6,35,0,180,178,211,210,227,226,222,229,366,366,426,418,443,437,634,510,920,876,908,710]} 1. Nf3 Nf6 2. c4 c5 3. g3 Nc6 4. Bg2 d5 5. cxd5 Nxd5 6. Nc3 Nc7 7. O-O e5 8. a3 Rb8 {A34: Englische Eröffnung (Symmetrische Variante)} (8... Bd7 9. e3 Be7 10. d4 exd4 11. exd4 cxd4 12. Nxd4 O-O 13. Be3 Bf6 14. Rc1 Nxd4 15. Bxd4 Bc6 16. Bxc6 bxc6 {0-1 (69) Almasi,Z (2682)-Kasimdzhanov,R (2683) Riadh 2017}) 9. Rb1 {LiveBook: 45 Partien} c4 10. b3 $146 ({Vorgänger:} 10. b4 cxb3 11. Qxb3 Be6 12. Qa4 Bd7 13. Qe4 f5 14. Qe3 Qf6 15. Nxe5 Qxe5 16. Bxc6 Qxe3 17. Bxd7+ Kxd7 18. dxe3 {1-0 (39) Cooper,J (2294)-Hill,A (2183) England 2018}) 10... Bf5 {Weiß steht etwas besser.} 11. bxc4 Bxb1 12. Nxb1 Be7 13. Bb2 f6 ({Günstiger ist} 13... Qd6 $11) 14. Qc2 $14 Qd7 15. e3 O-O 16. Rd1 b5 17. cxb5 Nxb5 18. Ng5 fxg5 19. Bxc6 Qd6 20. Qe4 Bf6 $2 {[#]} (20... Nd4 $11 21. exd4 Rxb2 22. dxe5 Qc7) 21. a4 $1 $36 {[%cal Ra4b5][%mdl 2048] Läuft bei Weiss.} ({Schlechter ist} 21. Qc4+ Kh8 $11) 21... Nc7 22. Ba3 Qe6 23. Bxf8 Rxf8 24. Nc3 Rd8 (24... Bd8 $142 25. Rb1 g4) 25. Rb1 Kh8 26. Rb7 Qd6 27. Qc4 {Weiß steht klar auf Gewinn.} a6 (27... Qe6 $142 28. d3 Qxc4 29. dxc4 Na6 30. Rxa7 Nb4) 28. Ne4 Qe7 (28... Qe6 $142 29. d3 Qxc4 30. dxc4 Ne6) 29. Nxf6 gxf6 30. Be4 {Precision: Weiß = 44%, Schwarz = 41%.} 1-0

[Event "Summer Chess Classic B 2018"]
[Site "Saint Louis"]
[Date "2018.05.22"]
[Round "8"]
[White "Dragun, Kamil"]
[Black "Ramirez, Alejandro"]
[Result "1-0"]
[WhiteElo "2591"]
[BlackElo "2572"]
[Annotator "TA"]
[PlyCount "117"]
[EventDate "2018.??.??"]
[EventType "tourn"]
[EventCountry "USA"]
[SourceTitle "playchess.com"]
[Source "ChessBase"]
[SourceQuality "1"]

{[%evp 21,117,22,21,35,33,16,35,0,0,0,0,0,45,38,38,50,43,50,48,45,73,69,70,77,64,54,65,50,83,39,75,60,115,60,64,50,62,72,106,111,102,113,136,85,80,28,122,0,69,0,112,72,127,92,85,39,40,28,117,107,216,56,223,217,217,200,236,216,231,224,225,218,252,224,226,159,209,206,199,160,215,138,178,147,372,358,29974,29975,29975,29975,29975,29974,29976,29977,29977,29978,29980,29981]} 1. e4 c5 2. Nf3 e6 3. d4 cxd4 4. Nxd4 Nc6 5. Nc3 Qc7 6. Be3 a6 7. Qf3 {B48: Sicilian: Taimanov: 5 Nc3 Qc7 6 Be3 a6 without Be2} Bd6 8. O-O-O Be5 9. g3 Nge7 10. Qe2 b5 11. f4 Bxd4 {LiveBook: 12 Games} 12. Bxd4 Nxd4 13. Rxd4 Rb8 14. e5 Bb7 {[#]} 15. Bg2 $146 Bxg2 16. Qxg2 Nf5 17. Rd3 $1 d5 18. exd6 Nxd6 19. Rhd1 Nc4 20. b3 Nb6 21. f5 $1 O-O 22. fxe6 fxe6 23. Qe4 Rfe8 24. Qd4 Rbc8 {...b4! is the strong threat.} 25. Qd6 Qb7 26. Qe5 Qe7 (26... Qc7 $14 27. Qxc7 Rxc7) 27. Rd6 (27. Ne4 $1 $16) 27... Qc7 $14 {Threatens to win with ...b4.} 28. R1d2 Nd7 $1 {[%cal Rd7e5]} 29. Qd4 Nf6 {Hoping for ...e5.} 30. Ne4 Nxe4 31. Qxe4 e5 32. Kb1 (32. Rxa6 $6 Qc3 $14) (32. Rd7 $142 $1 {[%cal Rd7c7]} Qc6 33. Qg4) 32... Qc3 $16 33. Qd3 (33. Qd5+ $16 Kh8 34. Qd3 (34. Rxa6 e4 $14)) 33... Qa5 (33... Qc5 $11 {remains equal.}) 34. Qe4 (34. Re2 $16) 34... Qc3 $1 $14 35. Qd3 Qa5 36. Rd7 {White wants to mate with Qf5.} Qb4 (36... Qc3 $142) 37. Qf5 $36 {[%mdl 2048] Intending Qf7+ and mate. White is in control.} Qf8 38. Qxf8+ Rxf8 $16 {[%mdl 4096] Endgame KRR-KRR} 39. Ra7 Rf6 (39... Ra8 $11 40. Re7 Rae8 41. Rxe8 Rxe8) 40. Re7 Rc5 (40... Rf5 $16) 41. Rd8+ $18 Rf8 42. Rdd7 Rf1+ 43. Kb2 Rf2 44. Rxg7+ Kf8 45. Rxh7 {[%cal Rh7h8]} Rcxc2+ 46. Ka3 $1 {[%cal Rh7h8]} Rxa2+ 47. Kb4 {[%cal Rh7h8]} Kg8 48. Rdg7+ $1 Kf8 49. Ra7 {[%cal Rh7h8]} Kg8 50. Rhe7 Kf8 (50... Rae2 $16 51. Rxa6 Rf7 52. Re8+ Kg7) 51. h4 ({Resist} 51. Rxe5 $6 Rxh2 52. Rf5+ Kg8 $16) 51... a5+ 52. Kxb5 Rf3 $2 (52... Rab2 $16 {is a better defense.} 53. Kc4 (53. Rxe5 Rxb3+ 54. Kc5 Rxg3 $16) 53... Rfc2+ 54. Kd3 Rg2) 53. Rec7 {[%cal Rc7c8]} Rxb3+ $2 {[#]} (53... Kg8 $18 54. b4 (54. Rxa5 Rxa5+ 55. Kxa5 Rxb3 $14) 54... e4 55. Rxa5 Rf5+ 56. Rc5 Rxa5+ 57. bxa5 Rxc5+ 58. Kxc5 e3) 54. Ka6 $1 {[%cal Rc7c8] White mates.} Rb8 55. Rh7 {[%cal Rh7h8]} Kg8 {[#]} 56. Rag7+ $1 Kf8 57. Rc7 {[%cal Rh7h8]} Kg8 58. h5 {[%cal Bh4h5,Bh5h6][%mdl 32]} Rd8 59. h6 {Precision: White = 68%, Black = 41%.} 1-0

[Event "Summer Chess Classic B 2018"]
[Site "Saint Louis"]
[Date "2018.05.22"]
[Round "8"]
[White "Friedel, Joshua"]
[Black "Ali Marandi, Cemil Can"]
[Result "1/2-1/2"]
[WhiteElo "2562"]
[BlackElo "2521"]
[Annotator "TA"]
[PlyCount "61"]
[EventDate "2018.??.??"]
[EventType "tourn"]
[EventCountry "USA"]
[SourceTitle "playchess.com"]
[Source "ChessBase"]
[SourceQuality "1"]

{[%evp 32,61,7,0,0,0,0,0,0,-3,0,0,0,0,0,0,0,0,0,0,0,0,0,0,0,0,0,0,0,0,11,0]} 1. d4 d5 2. c4 c6 3. cxd5 cxd5 4. Nc3 Nf6 5. Bf4 Nc6 6. e3 Bf5 7. Nf3 e6 8. Bd3 Bxd3 9. Qxd3 Bd6 10. Bxd6 Qxd6 11. O-O O-O 12. Rac1 Rac8 13. a3 a6 14. Rc2 Rc7 15. Rfc1 Rfc8 16. h3 h6 17. Nd2 {LiveBook: 3 Partien. Die Stellung ist ausgeglichen. D14: Damengambit (Slawische Verteidigung, Abtauschvariante)} Nd7 (17... Na5 18. Ne2 Rxc2 19. Rxc2 Rxc2 20. Qxc2 Qc6 21. Qxc6 Nxc6 22. Nc3 Kf8 23. Kf1 Ke7 24. Ke2 Kd6 {½-½ (42) Dreev,A (2667)-Mamedyarov,S (2743) Dubai 2014}) 18. Ne2 $146 ({Vorgänger:} 18. Na4 Ne7 19. Nb3 Nb6 20. Nxb6 Rxc2 21. Rxc2 Rxc2 22. Qxc2 Qxb6 {½-½ (31) Rakay,K (2370)-Sochor,F (2489) ICCF email 2014}) 18... Ne7 19. Rxc7 Rxc7 20. Rc3 Rxc3 21. Qxc3 Qc6 22. Qxc6 Nxc6 $11 {[%mdl 4096] Endspiel KSS-KSS} 23. Nf4 Kf8 24. Kf1 Ke7 25. Ke2 Na7 26. Nd3 Nc8 27. Nb3 Nd6 28. Nbc5 h5 29. h4 g6 30. g3 Kd8 31. Nxd7 1/2-1/2

[Event "Summer Chess Classic B 2018"]
[Site "Saint Louis"]
[Date "2018.05.22"]
[Round "8"]
[White "Aghasaryan, Robert"]
[Black "Belous, Vladimir"]
[Result "1/2-1/2"]
[WhiteElo "2532"]
[BlackElo "2585"]
[Annotator "TA"]
[PlyCount "87"]
[EventDate "2018.??.??"]
[EventType "tourn"]
[EventCountry "USA"]
[SourceTitle "playchess.com"]
[Source "ChessBase"]
[SourceQuality "1"]

{[%evp 13,87,43,60,68,63,50,66,70,80,64,66,65,61,56,68,47,41,30,51,0,11,11,18,8,27,14,18,18,30,33,24,0,25,29,80,65,85,52,55,44,94,70,109,90,114,110,114,116,109,109,112,107,120,138,139,50,45,10,15,4,8,0,4,4,4,4,18,18,18,18,18,18,18,18,18,18]} 1. Nf3 Nf6 2. c4 g6 3. Nc3 Bg7 4. e4 d6 5. d4 Bg4 6. Be2 Nfd7 7. Be3 {E90: King's Indian: Classical: Early deviations and 6 h3} (7. d5 Nc5 8. Nd4 Bxe2 9. Ndxe2 a5 10. Be3 Nbd7 11. Qd2 a4 12. O-O O-O 13. f4 e6 14. Bd4 Bxd4+ 15. Nxd4 {½-½ (48) Gupta,A (2610)-Ehlvest,J (2536) chess.com INT 2018}) 7... Nc6 {LiveBook: 5 Games} 8. Ng1 Bxe2 9. Ngxe2 {White is slightly better.} Na5 $146 ({Predecessor:} 9... a6 10. Rc1 Na5 11. Qd3 c5 12. b3 O-O 13. O-O Re8 14. Rfd1 b6 {½-½ (27) Hutters,T (2413)-Jacobsen,B (2301) Denmark 2009}) 10. b3 c5 11. O-O cxd4 12. Bxd4 Bxd4 13. Nxd4 O-O 14. Re1 {[%cal Bf1e1,Be1e3,Be3f3][%mdl 32]} Nc6 {[%cal Ba5c6,Bc6e5,Be5g4][%mdl 32]} 15. Nd5 a6 16. a4 (16. Qd2 $14) 16... Nc5 {[#] Strongly threatening ...Nxd4.} 17. Rb1 e6 18. Nc3 Ne5 19. Re3 Qf6 20. Nde2 Rad8 21. f4 Ng4 22. Rf3 {Hoping for h3.} Qe7 23. Ng3 b5 (23... f5 $11) 24. axb5 $16 axb5 25. Nxb5 {b4 is the strong threat.} d5 26. cxd5 exd5 27. e5 Ne4 28. h3 {[%cal Bh2h3,Bh3g4][%mdl 32]} Qb4 29. hxg4 {Threatens to win with Nd4.} Qxb5 30. Qd4 Nxg3 31. Rxg3 Rc8 32. Rd1 Rc5 33. f5 Rc2 34. Qxd5 (34. Kh2 $16) 34... Rc5 $14 35. Qd3 (35. Qd2 {feels hotter.} Rxe5 36. Qh6 Qb6+ 37. Kh2 Qf6 38. Rh3) 35... Rxe5 {The position is equal.} 36. Qxb5 Rxb5 $11 {[%mdl 4096] Endgame KRR-KRR} 37. Rf3 Rfb8 38. fxg6 hxg6 39. Rd7 Rxb3 40. Rfxf7 {Black must now prevent Rg7+.} Rg3 $1 41. Rg7+ Kh8 42. Rh7+ Kg8 43. Rdg7+ Kf8 44. Rf7+ {Precision: White = 59%, Black = 41%.} 1/2-1/2

[Event "Summer Chess Classic B 2018"]
[Site "Saint Louis"]
[Date "2018.05.22"]
[Round "8"]
[White "Saduakassova, Dinara"]
[Black "Matsenko, Sergei"]
[Result "1-0"]
[WhiteElo "2484"]
[BlackElo "2563"]
[Annotator "TA"]
[PlyCount "75"]
[EventDate "2018.??.??"]
[EventType "tourn"]
[EventCountry "USA"]
[SourceTitle "playchess.com"]
[Source "ChessBase"]
[SourceQuality "1"]

{[%evp 18,75,39,38,38,39,30,39,28,21,22,15,76,74,76,65,97,82,90,64,144,143,191,203,226,216,225,218,230,218,233,227,215,223,234,244,340,323,336,316,316,329,536,547,540,528,528,552,649,640,610,642,1050,1014,1697,1661,1638,1639,29982,29983]} 1. d4 Nf6 2. c4 e6 3. Nc3 Bb4 4. Qc2 c5 5. dxc5 O-O 6. a3 Bxc5 7. Nf3 b6 8. Bf4 Bb7 9. Rd1 Nh5 {E39: Nimzo-Indian: Classical: 4...c5 5 dxc5 0-0} (9... Nc6 10. e3 h6 11. Be2 Nh5 12. Bd6 Bxd6 13. Rxd6 Qe7 14. Qd2 Nf6 15. O-O Na5 16. b4 Nb3 17. Qd3 e5 18. Rxf6 {1-0 (36) Akobian,V (2647)-Gagare,S (2494) Caleta 2018}) 10. Bc1 {LiveBook: 24 Games} Be7 11. e4 {[%cal Be2e4,Be4e5][%mdl 32]} a6 {White is slightly better.} 12. Be2 Qc7 13. e5 $146 {And now g4 would win.} ({Predecessor:} 13. O-O d6 14. Nd4 Nf6 15. f4 Nc6 16. Nb3 Rac8 17. Be3 {1-0 (30) Huber,M (2343)-Matsenko,S (2537) Graz 2016}) 13... f6 $1 14. Bd3 f5 {[#]} (14... g6 $1 $11) 15. Be2 $1 $36 {[%mdl 2048] Black is under strong pressure.} g6 16. O-O Ra7 17. Rfe1 Ng7 18. Bf4 Rc8 ({Better is} 18... Bxf3 $1 $14 19. Bxf3 g5) 19. Qd2 Qd8 20. Be3 Bc5 21. Na4 Bxe3 22. Qxe3 ({Worse is} 22. fxe3 Be4 $11) 22... Bxf3 23. Bxf3 ({Don't take} 23. Qxf3 $6 Nc6) 23... Rxc4 24. Nxb6 f4 25. Qd3 Rc5 26. b4 Rb5 27. Na4 {[%cal Bb6a4,Ba4c5,Bc5e4,Be4f6][%mdl 32]} Rc7 28. Nc5 Rb6 29. Qd4 a5 $2 {[#]} (29... Nf5 30. Qxf4 Qh4) 30. Ne4 $18 Rb5 31. Nf6+ Kh8 32. Qxf4 Qe7 33. Be2 Rbb7 34. b5 Rc3 35. Rc1 Rbc7 36. Rxc3 Rxc3 37. Rc1 g5 38. Rxc3 {Precision: White = 90%, Black = 44%.} 1-0

[Event "Summer Chess Classic B 2018"]
[Site "Saint Louis"]
[Date "2018.05.22"]
[Round "8"]
[White "Abrahamyan, Tatev"]
[Black "Stukopin, Andrey"]
[Result "0-1"]
[WhiteElo "2354"]
[BlackElo "2580"]
[Annotator "TA"]
[PlyCount "116"]
[EventDate "2018.??.??"]
[EventType "tourn"]
[EventCountry "USA"]
[SourceTitle "playchess.com"]
[Source "ChessBase"]
[SourceQuality "1"]

{[%evp 23,116,10,33,0,0,-17,-31,-27,0,-50,-20,-58,-54,-50,-53,-56,-49,-39,-54,-52,-60,-154,-170,-187,-195,-188,-119,-295,-208,-213,-210,-201,-118,-125,-119,-101,-85,-107,0,-23,-23,-23,-23,-70,-72,-120,-150,-174,-163,-128,-100,-115,-112,-105,-119,-100,-125,-189,-147,-187,-206,-277,-268,-231,-254,-225,-178,-177,-182,-182,-180,-279,-287,-593,-592,-517,-516,-1054,-1299,-1198,-1129,-4798,-3346,-29968,-29963,-29971,-29974,-29969,-29971,-29982,-29983,-29983,-29984,-29986,-29987]} 1. e4 c5 2. Nf3 Nc6 3. d4 cxd4 4. Nxd4 Nf6 5. Nc3 d6 6. Bg5 e6 7. Qd2 a6 8. O-O-O Bd7 9. f3 Be7 10. g4 h5 {B67: Sizilianisch (Richter/Rauser-Angriff)} 11. gxh5 Nxh5 12. Bxe7 (12. Be3 Ng3 13. Rg1 Nxf1 14. Rdxf1 Bf6 15. Nxc6 Bxc6 16. Bd4 Qc7 17. Bxf6 gxf6 18. Qd4 {½-½ (38) Dvirnyy,D (2533)-Nevednichy,V (2557) Plovdiv 2015}) 12... Qxe7 {LiveBook: 10 Partien. Die Stellung ist ausgeglichen.} 13. Nb3 $146 ({Vorgänger:} 13. Nde2 Ne5 14. f4 Ng4 15. Rg1 Nxh2 16. Bg2 O-O-O 17. Qe3 Kb8 18. Bh3 {1-0 (40) Nestorovic,L (2382)-Janzelj,T (2440) Skopje 2018}) 13... g5 14. Qxd6 Qxd6 15. Rxd6 Ne5 16. Rb6 Bc6 17. Na5 Ng3 $1 {[%cal Rg3h1]} 18. Rg1 Nxf1 19. Rxf1 O-O-O $36 {[%mdl 2048] Schwarz hat Initiative.} 20. Rf2 Rh3 21. Nxc6 Nxc6 22. Na4 (22. Ne2 $15) 22... Nd4 $1 $17 23. b3 {Mit der Idee Sc5.} Kc7 $1 ({Und nicht} 23... Rxf3 24. Rxf3 Nxf3 25. Nc5 $15) 24. Rd2 Rxf3 (24... Nc6 $19 25. Rg2 Rh5) 25. Rg2 $2 (25. Rb4 $17 Nc6 26. Rxd8 Nxb4 27. Rd4) 25... Rf1+ 26. Kb2 Nf3 27. Rb4 Rh8 ({Besser ist} 27... b5 $19 28. Nc3 Ne5 29. Nxb5+ axb5 30. Rxg5 f6) 28. Nc5 a5 29. Rc4 b5 $1 {[%cal Rb5c4]} 30. Rc3 {Weiss will Sxe6+ spielen.} Kd6 (30... b4 $1 $17 {[%cal Rb4c3]} 31. Re3 g4) 31. Nb7+ Ke5 $1 32. Nxa5 Kf4 33. Nb7 g4 {[%cal Bg5g4,Bg4g3][%mdl 32]} 34. Nc5 Nxh2 35. a4 bxa4 36. bxa4 Rf3 37. Nd3+ Kxe4 38. a5 g3 $1 39. a6 Nf1 40. a7 (40. Nc5+ $17 Kf4 41. Nd3+ Kf5 42. Rc7) 40... Ra8 {Droht ...Se3 und aus.} 41. Nc5+ Kf4 42. Rc4+ {[#]} Kf5 $1 {Und weiter mit ...Se3 wäre nett.} 43. Ra4 {[#]} Ne3 $1 {[%cal Re3g2]} 44. Rg1 Rf4 45. Rxg3 Rxa4 46. Nxa4 {Tf3+ ist eine echte Drohung.} Rxa7 $19 {[%mdl 4096] Endspiel KTS-KTS} 47. Nc5 (47. Rf3+ {ist wohl besser.} Ke4 48. Rh3) 47... Rc7 48. Rxe3 $2 (48. Na6 {ist eine bessere Chance.} Rxc2+ 49. Kb3) 48... Rxc5 {KT-KT} 49. Rf3+ Kg6 50. Kb3 (50. Rg3+ $142 Kf6 51. Kb3) 50... f5 {[%cal Bf7f5,Bf5f4,Bf4f3,Bf3f2][%mdl 32]} 51. c4 e5 {[%cal Be6e5,Be5e4][%mdl 32]} 52. Kb4 Rc8 53. c5 f4 {Schwarz setzt Matt.} 54. Kc4 Kf5 55. Rf1 e4 56. Rc1 f3 57. Kd4 Kf4 58. c6 f2 {Precision: Weiß = 32%, Schwarz = 78%.} 0-1